<?xml version="1.0" encoding="UTF-8"?>
<record
    xmlns:xsi="http://www.w3.org/2001/XMLSchema-instance"
    xsi:schemaLocation="http://www.loc.gov/MARC21/slim http://www.loc.gov/standards/marcxml/schema/MARC21slim.xsd"
    xmlns="http://www.loc.gov/MARC21/slim">

  <leader>01105nam a22002297a 4500</leader>
  <datafield tag="999" ind1=" " ind2=" ">
    <subfield code="c">7425</subfield>
    <subfield code="d">7425</subfield>
  </datafield>
  <controlfield tag="001">21012</controlfield>
  <controlfield tag="003">BD-DhUAP</controlfield>
  <controlfield tag="005">20210121144448.0</controlfield>
  <controlfield tag="008">210121r20122020bg a|||| |||| 00| 0 ben d</controlfield>
  <datafield tag="020" ind1=" " ind2=" ">
    <subfield code="a">9847007609513</subfield>
  </datafield>
  <datafield tag="040" ind1=" " ind2=" ">
    <subfield code="a">BD-DhUAP</subfield>
    <subfield code="b">Ben</subfield>
    <subfield code="c">BD-DhUAP</subfield>
    <subfield code="d">BD-DhUAP</subfield>
  </datafield>
  <datafield tag="082" ind1=" " ind2=" ">
    <subfield code="2">23</subfield>
    <subfield code="a">954.92 BAN</subfield>
  </datafield>
  <datafield tag="245" ind1=" " ind2=" ">
    <subfield code="a">&#x9AC;&#x999;&#x9CD;&#x997;&#x9AC;&#x9A8;&#x9CD;&#x9A7;&#x9C1;&#x9B0; &#x9B8;&#x9CD;&#x9AC;&#x9AA;&#x9CD;&#x9A8; &#x993; &#x9B8;&#x982;&#x997;&#x9CD;&#x9B0;&#x9BE;&#x9AE; /</subfield>
    <subfield code="c">&#x9B8;&#x9C1;&#x9AC;&#x9CD;&#x9B0;&#x9A4; &#x9AC;&#x9A1;&#x9BC;&#x9C1;&#x9AF;&#x9BC;&#x9BE; &#x995;&#x9B0;&#x9CD;&#x9A4;&#x9C3;&#x995; &#x9B8;&#x9AE;&#x9CD;&#x9AA;&#x9BE;&#x9A6;&#x9BF;&#x9A4;&#x964;</subfield>
  </datafield>
  <datafield tag="260" ind1=" " ind2=" ">
    <subfield code="a">&#x9A2;&#x9BE;&#x995;&#x9BE; : </subfield>
    <subfield code="b">&#x9AC;&#x9BE;&#x982;&#x9B2;&#x9BE;&#x9A6;&#x9C7;&#x9B6; &#x9B6;&#x9BF;&#x9B6;&#x9C1; &#x98F;&#x995;&#x9BE;&#x9A1;&#x9C7;&#x9AE;&#x9BF;, </subfield>
    <subfield code="c">&#x9E8;&#x9E6;&#x9E7;&#x9E8; [&#x9E8;&#x9E6;&#x9E8;&#x9E6;]&#x964;</subfield>
  </datafield>
  <datafield tag="300" ind1=" " ind2=" ">
    <subfield code="a">&#x9E7;&#x9E7;&#x9E8; &#x9AA;&#x9C3;&#x9B7;&#x9CD;&#x9A0;&#x9BE; :</subfield>
    <subfield code="b">&#x99A;&#x9BF;&#x9A4;&#x9CD;&#x9B0; ;</subfield>
    <subfield code="c">&#x9E8;&#x9EB; &#x9B8;&#x9C7;&#x9AE;&#x9BF;.&#x964;</subfield>
  </datafield>
  <datafield tag="490" ind1=" " ind2=" ">
    <subfield code="a">&#x99C;&#x9BE;&#x9A4;&#x9BF;&#x9B0; &#x9AA;&#x9BF;&#x9A4;&#x9BE; &#x9AC;&#x999;&#x9CD;&#x997;&#x9AC;&#x9A8;&#x9CD;&#x9A7;&#x9C1; &#x9B6;&#x9C7;&#x996; &#x9AE;&#x9C1;&#x99C;&#x9BF;&#x9AC;&#x9C1;&#x9B0; &#x9B0;&#x9B9;&#x9AE;&#x9BE;&#x9A8; &#x9B6;&#x9BF;&#x9B6;&#x9C1;-&#x997;&#x9CD;&#x9B0;&#x9A8;&#x9CD;&#x9A5;&#x9AE;&#x9BE;&#x9B2;&#x9BE;-&#x9E7;&#x9E8;&#x964;</subfield>
  </datafield>
  <datafield tag="600" ind1=" " ind2=" ">
    <subfield code="a">Rahman, Sheikh Mujibur, </subfield>
    <subfield code="d">1920-1975.</subfield>
  </datafield>
  <datafield tag="651" ind1=" " ind2=" ">
    <subfield code="a">Bangladesh </subfield>
    <subfield code="v">Liberation War</subfield>
    <subfield code="y">1971.</subfield>
  </datafield>
  <datafield tag="651" ind1=" " ind2=" ">
    <subfield code="a">Bangladesh</subfield>
    <subfield code="v">History</subfield>
    <subfield code="x">Revolution</subfield>
    <subfield code="y">1971.</subfield>
  </datafield>
  <datafield tag="700" ind1=" " ind2=" ">
    <subfield code="a">&#x9AC;&#x9A1;&#x9BC;&#x9C1;&#x9AF;&#x9BC;&#x9BE;, &#x9B8;&#x9C1;&#x9AC;&#x9CD;&#x9B0;&#x9A4;&#x964;</subfield>
  </datafield>
  <datafield tag="942" ind1=" " ind2=" ">
    <subfield code="2">ddc</subfield>
    <subfield code="c">BK</subfield>
  </datafield>
  <datafield tag="952" ind1=" " ind2=" ">
    <subfield code="0">0</subfield>
    <subfield code="1">0</subfield>
    <subfield code="2">ddc</subfield>
    <subfield code="4">0</subfield>
    <subfield code="7">0</subfield>
    <subfield code="a">UAPCL</subfield>
    <subfield code="b">UAPCL</subfield>
    <subfield code="c">Reference Stacks </subfield>
    <subfield code="d">2021-01-21</subfield>
    <subfield code="o">954.92 BAN</subfield>
    <subfield code="p">3010021012</subfield>
    <subfield code="r">2021-01-21</subfield>
    <subfield code="t">1</subfield>
    <subfield code="w">2021-01-21</subfield>
    <subfield code="y">BK</subfield>
  </datafield>
</record>
